Filme erraten mit Bildern - Buchstabe B - Statistiken

Allgemein
  • Dieses Quiz wurde 601 mal gespielt
  • Das Durchschnittsergebnis liegt bei 7 aus 16
Antwortstatistiken
Bildquiz Antwort % Korrekt
Baywatch
98%
Boss Baby
87%
Big
66%
Big Mamas Haus 2
61%
Braveheart
59%
Bee Movie
55%
Beetlejuice
52%
Blade
47%
Brokeback Mountain
47%
Beverly Hills Cop
43%
Bridget Jones
32%
The Boy
26%
Bad Teacher
24%
Bodyguard
23%
Being John Malkovich
14%
Bogus
4%
Keine übereinstimmenden Quizze gefunden
Verteilung der Resultate
Anzahl Personen mit jedem Resultat
Perzentil nach korrekt beantworteten Fragen
Ihre Resultats-Entwicklung
Sie haben dieses Quiz noch nicht gespielt